Armonización de colores / (Registro nro. 52615)

Detalles MARC
000 -LEADER
campo de control de longitud fija 03535nam a2200421 i 4500
001 - NÚMERO DE CONTROL
campo de control 52615
003 - IDENTIFICADOR DE NÚMERO DE CONTROL
campo de control FlNmELB
005 - FECHA Y HORA DE LA ÚLTIMA TRANSACCIÓN
campo de control 20241216232416.0
006 - CÓDIGOS DE INFORMACIÓN DE LONGITUD FIJA--CARACTERÍSTICAS DEL MATERIAL ADICIONAL
campo de control de longitud fija m o d |
007 - CAMPO FIJO DE DESCRIPCIÓN FÍSICA--INFORMACIÓN GENERAL
campo de control de longitud fija cr cnu||||||||
008 - DATOS DE LONGITUD FIJA--INFORMACIÓN GENERAL
campo de control de longitud fija 210421s2005 sp a o 000 0 spa d
020 ## - NÚMERO INTERNACIONAL ESTÁNDAR DEL LIBRO
Número Internacional Estándar del Libro 9788434214989
Información calificativa (e-book)
035 ## - NÚMERO DE CONTROL DEL SISTEMA
Número de control de sistema (OCoLC)1252202708
040 ## - FUENTE DE CATALOGACIÓN
Centro catalogador/agencia de origen FINmELB
Lengua de catalogación spa
Normas de descripción rda
Centro/agencia transcriptor FINmELB
050 #4 - SIGNATURA TOPOGRÁFICA DE LA BIBLIOTECA DEL CONGRESO
Número de clasificación NC758
Número de ítem .A766 2005
080 ## - NÚMERO DE LA CLASIFICACIÓN DECIMAL UNIVERSAL
Número de la Clasificación Decimal Universal 741
082 04 - NÚMERO DE LA CLASIFICACIÓN DECIMAL DEWEY
Número de clasificación 741.2
Información de edición 23
245 00 - MENCIÓN DEL TÍTULO
Título Armonización de colores /
Mención de responsabilidad, etc. Proyecto y realización de Parramón Paidotribo.
264 #1 - PRODUCCIÓN, PUBLICACIÓN, DISTRIBUCIÓN, FABRICACIÓN Y COPYRIGHT
Producción, publicación, distribución, fabricación y copyright Barcelona :
Nombre del de productor, editor, distribuidor, fabricante Parramón,
Fecha de producción, publicación, distribución, fabricación o copyright 2005.
300 ## - DESCRIPCIÓN FÍSICA
Extensión 1 recurso en línea (96 páginas) :
Otras características físicas ilustraciones, fotos.
336 ## - TIPO DE CONTENIDO
Término de tipo de contenido texto
Código de tipo de contenido txt
Fuente rdacontent/spa
337 ## - TIPO DE MEDIO
Nombre/término del tipo de medio computadora
Código del tipo de medio c
Fuente rdamedia/spa
338 ## - TIPO DE SOPORTE
Nombre/término del tipo de soporte recurso en línea
Código del tipo de soporte cr
Fuente rdacarrier/spa
490 1# - MENCIÓN DE SERIE
Mención de serie El Rincón del pintor
505 0# - NOTA DE CONTENIDO CON FORMATO
Nota de contenido con formato - El color en la pintura La franqueza cromática medieval Color y superficie Búsqueda del realismo La grisalla clásica Cromatismo impresionista Arte abstracto: el color en libertad - Análisis del color Matriz de los colores Los colores primarios y sus mezclas Matriz de los colores. Colores complementarios Mezclas entre complementarios Contrastes entre complementarios Las tres dimensiones del color La esfera de Runge El interior de la esfera Eje acromático El modelo de Munsell Saturación del color Valor y luminosidad Valores y tintas Una cuestión de palabras Contrastes La estrella de Goethe Combinaciones expresivas de la estrella de Goethe Armonías y campos cromáticos - Principios de armonización Amarillos Mezclas con amarillos Rojos Mezclas con rojos Azules Mezclas con azules Verdes Mezclas con verdes Tierras Mezclas con tierras Grises Mezclas con grises Gamas cálidas Saturación y calidez de los colores Gamas frías Gamas quebradas Armonización pictórica Recuento de gamas Algunas conclusiones La paleta del pintor - Armonización y medios pictóricos Acuarela: armonías transparentes Técnica de la acuarela Apunte en armonía clara Campos de matices: la pintura al pastel Difuminados Un paisaje urbano en armonía quebrada Colores empastados: pintura al óleo Las sesiones Color y materia en una armonización al óleo Pintura acrílica - La armonización del color en la práctica Contrastes de valor y de tinta, al pastel Armonización por contraste de tintas Paisaje armonizado en la gama cálida Color armonizado con grises Interpretación colorista de un desnudo Armonía de colores complementarios.
520 ## - RESUMEN, ETC.
Sumario, etc. El mundo del color es un campo de libertad para el artista. El temperamento, el gusto personal, la subjetividad, son aquí las cuestiones cruciales. Pero también hay un fondo objetivo, una base normativa que no se debe soslayar. Este libro trata de los conceptos esenciales de la armonización cromática y de su puesta en práctica en todos los medios pictóricos. Partiendo de distintos temas artísticos se abordan todos los géneros importantes. Las explicaciones y los ejemplos que aparecen guían al lector a través de la más fascinante de las prácticas artísticas.
650 #0 - PUNTO DE ACCESO ADICIONAL DE MATERIA--TÉRMINO DE MATERIA
Término de materia o nombre geográfico como elemento de entrada Color drawing
Subdivisión general Technique.
650 #4 - PUNTO DE ACCESO ADICIONAL DE MATERIA--TÉRMINO DE MATERIA
Término de materia o nombre geográfico como elemento de entrada Color
Subdivisión de forma Manuales.
650 #4 - PUNTO DE ACCESO ADICIONAL DE MATERIA--TÉRMINO DE MATERIA
Término de materia o nombre geográfico como elemento de entrada Color
Subdivisión general Guias.
650 #4 - PUNTO DE ACCESO ADICIONAL DE MATERIA--TÉRMINO DE MATERIA
Término de materia o nombre geográfico como elemento de entrada Dibujo a color.
655 #4 - TERMINO DE INDIZACIÓN--GENERO/FORMA
Datos o término principal de género/forma Libros electrónicos.
797 2# - PUNTO DE ACCESO ADICIONAL LOCAL--NOMBRE DE ENTIDAD CORPORATIVA (RLIN)
Nombre de entidad corporativa o nombre de jurisdicción como elemento de entrada elibro, Corp.
830 #0 - PUNTO DE ACCESO ADICIONAL DE SERIE-TÍTULO UNIFORME
Título uniforme El Rincón del pintor.
856 40 - LOCALIZACIÓN Y ACCESO ELECTRÓNICOS
Identificador Uniforme de Recurso <a href="https://elibro.net/ereader/politecnicointernacional/119234">https://elibro.net/ereader/politecnicointernacional/119234</a>

No hay ítems disponibles.


Politécnico Internacional

Institución de Educación Superior
Vigilado Mineducación.
SNES 4727 +4135 DEL 11 de nov. de 2004

Sedes

Sede Norte - Av. Boyacá 138 - 70

Sede Sur - Autopista Sur No 67 - 71

Sede Av Chile - Calle 73 Nº 10-45

Información Legal

Derechos Pecuniarios | Habeas Data | Reglamento Biblioteca


Compartir

YouTube | Twitter | Facebook | LinkedIn


Comunícate con nosotros:

Admisiones: 60-1-7950000
Atención al cliente: 60-1-4005700